000 00223 a2200097 4500
001 45991
100 _aCulbartson E
245 _aContract bridge for everyone
260 _aLondon
_bFaber & Faber
_c
090 _c29112
_d29112
942 _aNUST-CAE
_cM
_c21239
999 _c281064
_d281064